000 00683nam a2200241Ia 4500
003 OSt
005 20220923214803.0
006 a|||||r|||| 00| 0
007 ta
008 220922b |||||||| |||| 00| 0 hin d
024 _a172,757
037 _cTextual
040 _aARTS
_cARTS
_bhin
041 _2hin
_ahin
082 _aO152,3NSA1,ET, J5
100 _aसामरी, ताजवर
_9156290
245 0 _aएक था शहर
246 _aEk thā shahara
260 _c1955
650 _aहिन्दी साहित्य
_9156264
942 _hO152,3NSA1,ET, J5
_cTEXL
_2CC
999 _c326765
_d326765